Mečiar Kassán

Bibliographic Details
Main Author: (gazdag) (Author)
Format: Article
Language:Hungarian
Slovak
Subjects:

MARC

LEADER 00000nab a2200000 a 4500
001 vtls000924108
003 SK-MaSNL
005 20260319073750.0
008 040720e19960203xo 0 hun
035 |a KE32985 
040 |a KEVKJB  |b slo  |c KEVKJB  |e AACR2 
041 1 |h slo 
044 |a xo  |c SK 
080 |a 323(437.6)  |2 1981 
100 0 |a (gazdag)  |4 aut  |9 880778 
245 1 0 |a Mečiar Kassán 
590 |a Mečiar, Vladimír 1942-,  |b predseda vlády SR, expremiér, politik 
600 1 7 |a Mečiar, Vladimír,  |d 1942-,   |2 KEVKJB  |9 10144 
650 0 7 |a návštevy  |2 KEVKJB  |9 726269 
650 0 7 |a správy  |2 KEVKJB  |9 276219 
651 7 |a Košice (Slovensko)  |2 KEVKJB  |9 18694 
651 7 |a KS,  |2 KEVKJB  |9 880381 
655 7 |a periodikum  |2 snkbucl  |9 29553 
773 0 8 |t Új Szó  |g Roč. 49  |g Roč. 28, č.28, 3.2.1996, s. 2 
852 |a ZVYKNI  |b KIS3GCP 
999 |c 1670331  |d 1672261